Traza la Costa y las Fronteras Internacionales de España - Estadísticas

Estadísticas generales
  • Esta prueba ha sido intentada 366 veces
  • La puntuación promedio es 9 de 12
Respuestas en el mapa
Las respuestas están codificadas por una escala verde-roja en el mapa de la prueba según el % correcto abajo.
 
Estadísticas de respuestas
región % Correcto
Galicia
100%
Murcia
79%
Andalucía
78%
Cataluña
78%
Castilla y León
77%
Extremadura
77%
Valenciana
77%
Aragón
76%
Asturias
76%
Cantabria
76%
País Vasco
76%
Navarra
75%
No se encontraron pruebas coincidentes
Distribución de puntuación
Porcentaje de gente con cada puntuación
Porcentaje por número respondido
Historial de tus puntuaciones
No has intentado esta prueba.